1000 Most Common Latin Words - 827 - 1000 - Statistics

General Stats
  • This quiz has been taken 2 times
  • The average score is 39 of 209
Answer Stats
Hint Answer % Correct
recēdō step back | recoil | recede | withdraw
100%
āēr air
50%
appāreō appear | become visible
50%
vītō avoid | shun
50%
serviō (+ dat.) be a slave | serve
50%
initium beginning
50%
avis bird
50%
audāx bold | daring
50%
corrumpō break up | destroy | ruin
50%
pariō bring forth | give birth to | accomplish
50%
negōtium business
50%
scīlicet certainly | of course
50%
compare
50%
cōnficiō complete | accomplish
50%
rūs country
50%
mereō deserve | merit
50%
- differ
50%
ēgregius distinguished | uncommon
50%
turbō disturb | confuse
50%
vanus empty
50%
- error | mistake
50%
nimis excessively
50%
pertineō extend over | reach
50%
incidō fall upon | fall into
50%
- false | deceitful
50%
secundus favorable
50%
vereor fear | stand in awe of
50%
paucī few | a few
50%
- fight | compete | vie
50%
secundus following
50%
cibus food
50%
quattuor four
50%
celebrō frequent | throng | crowd
50%
hospes guest | guest-friend
50%
- happen
50%
- host
50%
famēs hunger | famine
50%
quōmodo in what way | how?
50%
iūdex judge | juror
50%
opera labor | activity | work
50%
rīdeō laugh | laugh at
50%
addūcō lead to | induce
50%
- lifetime | age
50%
onus load | burden
50%
māteria material | subject matter
50%
posterus next | later
50%
difficilis not easy | hard | difficult
50%
pāreō obey
50%
proprius one’s own | peculiar
50%
aperiō open
50%
forsitan perhaps | perchance
50%
prīvātus personal | private
50%
pauper poor | lowly
50%
praetor praetor | one of the chief Roman magistrates
50%
castus pure | spotless | chaste
50%
aethēr pure upper air | ether | heaven, sky
50%
reckless
50%
secundus (as numeral) second
50%
proficīscor set forth | go
50%
argentum silver | money
50%
ingredior step in | enter
50%
lapis stone
50%
- stranger
50%
subitō suddenly | unexpectedly
50%
gladius sword
50%
- timber | lumber
50%
paulō, to only a small extent | slightly | a little
50%
cōnsūmō to use up | consume
50%
convertō turn about | turn | change
50%
perpetuus unbroken | perpetual
50%
hortor urge strongly | advise | exhort
50%
ūtilis useful
50%
error wandering
50%
utrum whether
50%
utrum...an whether...or
50%
voluntās wish | desire
50%
fore ???
0%
fābula account | tale | story
0%
cōnfiteor admit (a fact) | confess (a crime)
0%
afficiō (+ abl.) affect | visit with
0%
posteā afterwards
0%
dīvus (as subst.) a god
0%
condīciō agreement | condition
0%
ferē almost
0%
paene almost
0%
mortālis (as subst.) a mortal
0%
praecipiō anticipate | advise | warn
0%
adhibeō apply
0%
quasi as if
0%
quotiēns (relative) as often as, whenever
0%
cēnseō assess | rate
0%
prōtinus at once | forthwith
0%
convīvium banquet | feast
0%
studeō (+ dat.) be eager | be zealous | care for
0%
prīncipium beginning
0%
be in trouble or distress
0%
caveō be on guard | beware
0%
volucris bird
0%
liber book
0%
breviter briefly
0%
aedēs building;
0%
- caelestēs | the gods
0%
portō carry a load
0%
fors chance
0%
dīligō choose | cherish | love
0%
mundus clean | neat | elegant
0%
ascendō climb up | ascend
0%
adveniō come to | arrive at
0%
vulgō commonly
0%
arbitror consider | think
0%
cōnsuētūdo custom | habit
0%
damnum damage | injury
0%
fīlia daughter
0%
certō decide by contest
0%
ēdīcō declare
0%
reus defendant
0%
- defer | postpone
0%
cupīdō desire | eagerness | craving
0%
- destroy | kill | consume
0%
dīvus divine | godlike
0%
- elect | choose
0%
inimīcus (as subst.) enemy
0%
- enjoyment | delight
0%
fruor (+ abl.) enjoy the produce of | profit by | use
0%
aequē equally
0%
- equip
0%
aevum eternity
0%
fidēlis faithful
0%
aptus fit | suitable
0%
volucer flying
0%
cōnsequor follow up | overtake | attain
0%
foedus foul
0%
caelestis from or of heaven
0%
frūctus fruit | crops
0%
plērumque generally
0%
comparō get ready | provide
0%
- give over | betray
0%
frūmentum grain
0%
aedēs (plural) house
0%
familia household | family
0%
quotiēns (interrogative) how many times? | how often?
0%
auctōritās influence | clout | authority
0%
frequēns in large numbers | often
0%
num interrogative particle implying negative answer
0%
īnsula island
0%
quiēscō keep quiet
0%
scientia knowledge
0%
amplus large | spacious
0%
ēdūcō lead forth
0%
- learning | discipline
0%
epistula letter
0%
mortālis liable to death | mortal
0%
item likewise
0%
dēsīderō long for | desire greatly
0%
fēlīciter luckily
0%
magister master | chief
0%
nūntius messenger | news
0%
lūna moon
0%
necessitās necessity | need
0%
vīcīnus neighboring | near
0%
iūs iūrandum oath
0%
sōlum only | merely
0%
- pay
0%
ēligō pick out | select
0%
sepulcrum place of burial | tomb | grave
0%
poēta poet
0%
indicō point out | show | make known
0%
potis powerful | able
0%
sacerdōs priest | priestess
0%
creō produce | create
0%
- publish | divulge
0%
prōdō publish | hand down
0%
interrogō (+ acc.) put a question to | ask
0%
prōpōnō put forth | propose | present
0%
fugō put to flight
0%
celeriter quickly
0%
refer to | pertain to | be the business of
0%
narrō relate | recount
0%
- reveal | disclose
0%
differō scatter
0%
- serve as a soldier
0%
- sleep
0%
dormiō sleep
0%
- son
0%
sānus sound | sane
0%
stella star
0%
intendō stretch out | strain
0%
ēgredior (+ abl.) stride out | depart | disembark from
0%
iūrō take an oath | swear
0%
suscipiō take up
0%
decem ten
0%
plērus the greater part | very many | most | the majority
0%
- think | decide
0%
iaciō throw | hurl
0%
hodiē today
0%
labōrō toil | work
0%
illūc to that place
0%
disciplīna training | instruction
0%
vērē truly
0%
cōnor try | attempt
0%
revertō turn back
0%
advertō turn towards
0%
īnstituō undertake
0%
inimīcus unfriendly
0%
pendō weigh | hang | suspend
0%
albus white
0%
aegrē with difficulty
0%
mulier woman
0%
dīgnitās worth | reputation | honor
0%
No matching quizzes found
Score Distribution
Percent of People with Each Score
Percentile by Number Answered
Your Score History
You have not taken this quiz